Management of Foot and Root Rot disease of Lentil ( Lens culinaris) / (Record no. 14922)
[ view plain ]
| 000 -LEADER | |
|---|---|
| fixed length control field | 01079nam a22002657a 4500 |
| 003 - CONTROL NUMBER IDENTIFIER | |
| control field | BD-DhSAU |
| 005 - DATE AND TIME OF LATEST TRANSACTION | |
| control field | 20200113130906.0 |
| 008 - FIXED-LENGTH DATA ELEMENTS--GENERAL INFORMATION | |
| fixed length control field | 151014b2018 bg ||||| |||| 001 0 eng d |
| 040 ## - CATALOGING SOURCE | |
| Original cataloging agency | BD-DhSAU |
| 082 ## - DEWEY DECIMAL CLASSIFICATION NUMBER | |
| Edition number | 22 |
| Classification number | 571.92 |
| Item number | C3495 |
| 100 ## - MAIN ENTRY--PERSONAL NAME | |
| Personal name | Chaki , Mrinal Kumar |
| Relator term | Registration No: 12-05133 |
| 245 ## - TITLE STATEMENT | |
| Title | Management of Foot and Root Rot disease of Lentil ( Lens culinaris) /<br/><br/> |
| Remainder of title | MS Thesis |
| Statement of responsibility, etc. | Mrinal Kumar Chaki |
| 260 ## - PUBLICATION, DISTRIBUTION, ETC. (IMPRINT) | |
| Place of publication, distribution, etc. | Sher-e- Bangla Agricultural University : |
| Name of publisher, distributor, etc. | Department of Plant Pathology, |
| Date of publication, distribution, etc. | 2018 |
| 300 ## - PHYSICAL DESCRIPTION | |
| Extent | vii, 48 p. : |
| Other physical details | ill. ; |
| Dimensions | 30 cm. |
| 500 ## - GENERAL NOTE | |
| General note | MS Thesis ,Department Of Plant Pathology ,Sher-E-Bangla Agricultural University , Dhaka-1207 ,<br/> |
| 504 ## - BIBLIOGRAPHY, ETC. NOTE | |
| Bibliography, etc | Includes Bibliographic Reference |
| 590 ## - Name of Cataloguer | |
| Name of Cataloger | Shofi |
| 650 ## - SUBJECT ADDED ENTRY--TOPICAL TERM | |
| Topical term or geographic name as entry element | Plant Pathology |
| Source of heading or term | |
| 650 ## - SUBJECT ADDED ENTRY--TOPICAL TERM | |
| Topical term or geographic name as entry element | Foot and Root Rot disease |
| 650 ## - SUBJECT ADDED ENTRY--TOPICAL TERM | |
| Topical term or geographic name as entry element | Lentil ( Lens culinaris) |
| 700 ## - ADDED ENTRY--PERSONAL NAME | |
| Personal name | Islam , Md. Rafiqul |
| Relator term | Supervisor |
| 700 ## - ADDED ENTRY--PERSONAL NAME | |
| Personal name | Aminuzzaman , F. M. |
| Relator term | Co-Supervisor |
| 856 ## - ELECTRONIC LOCATION AND ACCESS | |
| Uniform Resource Identifier | <a href=" http://archive.saulibrary.edu.bd:8080/xmlui/handle/123456789/3114"> http://archive.saulibrary.edu.bd:8080/xmlui/handle/123456789/3114</a> |
| Link text | Online Access |
| 942 ## - ADDED ENTRY ELEMENTS (KOHA) | |
| Source of classification or shelving scheme | Dewey Decimal Classification |
| Koha item type | MS Level Thesis |
| Withdrawn status | Lost status | Source of classification or shelving scheme | Damaged status | Not for loan | Collection code | Home library | Branch Name | Date acquired | Total Checkouts | Full call number | Barcode | Date last seen | Price effective from | Koha item type |
|---|---|---|---|---|---|---|---|---|---|---|---|---|---|---|
| Dewey Decimal Classification | Not For Loan | Reference | SAU Library | SAU Library | 29/12/2019 | 571.92 C3495 | 41761 | 13/01/2020 | 13/01/2020 | MS Level Thesis |
